| 000 | 00578cam a22001697a 4500 | ||
|---|---|---|---|
| 008 | 180718b1976 xxu||||| |||| 00| 0 eng d | ||
| 020 | _a0275562204 | ||
| 082 | _aXAx73 G831 | ||
| 245 |
_aHousing costs and housing needs _cedited by Alexander Greendale and Stanley F. Knock |
||
| 260 |
_aNew York _bPraeger _c1976 |
||
| 300 | _axxiii, 180p | ||
| 440 | _aPraeger special studiaes in U.S. economic, social, and political issues | ||
| 650 | _aHousing --United States. | ||
| 650 | _aHousing policy --United States | ||
| 700 | _aKnock, Stanley F. | ||
| 700 | _aGreendale, Alexander | ||
| 999 |
_c412199 _d412199 |
||